00424 a2200133 45000010005000001000012000052450035000172600015000520900015000679420023000829990019001059520083001249520083002073733 aPak Pub aAerodynamics for engg students abAenoldc c2976d2976 aNUST-CAEcMc21957 c238806d238806 001040708NFICaCAEbCAEd2017-04-03l0pCAE5809r2017-04-05w2017-04-05yBK 001040708NFICaCAEbCAEd2017-04-03l0pCAE5810r2017-04-05w2017-04-05yBK